000 00993nam a2200301Ia 4500
001 Para_9382
003 CHAP
008 220125s2007 xx 000 0 und d
010 _a208079
040 _cCHAP
090 _aTESIS 2123
100 _aCandia Aranda, Ana María
_918334
245 _aInocuidad alimentaria y riesgos químicos en guayaba Psidium guajava L. en Calvillo, Aguascalientes /
_c por Ana María Candia Aranda
260 _aChapingo, Méx. :
_b el autor
300 _a91 h. + anexos
502 _aTesis (M.C. Protección Vegetal) UACh. Departamento Parasitología Agrícola
650 _aGuayaba
_x enfermedades
_951049
650 _aGuayaba
_x plagas
_951059
650 _aInocuidad alimentaria
_958836
710 _aUACh. Departamento Parasitología Agrícola
_9164025
901 _aTESIS 2123
902 _aM
905 _a0000002007 an 0000000000 00
910 _a2007
942 _cPARA
942 _cPARA
_d2
999 _c208079
_d208079